000 00377nam a2200133 4500
005 20260311141847.0
020 _a9789383101528
082 _a631.5 GAL
084 _2Colon Classification
100 _aGalbraith, William
_911633
245 _aMerging Plant Breeding with Crop Biotechnology/
_cWilliam Galbraith
260 _aJaipur:
_bAgrotech Press;
_c2025.
942 _2ddc
_cBK
999 _c757494
_d757494